Emigration from Kerala: characteristics of migrants and their contribution to household economy (Record no. 39301)

000 -LEADER
fixed length control field 00435pab a2200157 454500
008 - FIXED-LENGTH DATA ELEMENTS--GENERAL INFORMATION
fixed length control field 180718b1997 xxu||||| |||| 00| 0 eng d
100 ## - MAIN ENTRY--PERSONAL NAME
Personal name Chengrong, Duan
245 ## - TITLE STATEMENT
Title Emigration from Kerala: characteristics of migrants and their contribution to household economy
260 ## - PUBLICATION, DISTRIBUTION, ETC.
Date of publication, distribution, etc. 1997
300 ## - PHYSICAL DESCRIPTION
Extent p.226-57
650 ## - SUBJECT ADDED ENTRY--TOPICAL TERM
Topical term or geographic name entry element Emigration
650 ## - SUBJECT ADDED ENTRY--TOPICAL TERM
Topical term or geographic name entry element Migrants
700 ## - ADDED ENTRY--PERSONAL NAME
Personal name Nangia, Parveen
773 ## - HOST ITEM ENTRY
Main entry heading IASSI Quarterly
909 ## -
-- 39301
Holdings
Withdrawn status Lost status Damaged status Not for loan Permanent Location Current Location Date acquired Serial Enumeration / chronology Barcode Date last seen Price effective from Koha item type
        Indian Institute of Public Administration Indian Institute of Public Administration 2018-07-19 Volume no: 16, Issue no: 3-4 AR39666 2018-07-19 2018-07-19 Articles

Powered by Koha